| 000 | 01822nam a2200409 a 4500 | ||
|---|---|---|---|
| 001 | ebr10351487 | ||
| 003 | CaPaEBR | ||
| 006 | m u | ||
| 007 | cr cn||||||||| | ||
| 008 | 071010s2008 wiua sb s001 0beng c | ||
| 010 | _z 2007040159 | ||
| 020 | _z0299226808 (cloth : alk. paper) | ||
| 040 |
_aCaPaEBR _cCaPaEBR |
||
| 035 | _a(OCoLC)832462392 | ||
| 043 |
_an-us--- _aa-vt--- _an-us-wi |
||
| 050 | 1 | 4 |
_aE840.8.L25 _bV36 2008eb |
| 082 | 0 | 4 |
_a355.6092 _aB _222 |
| 100 | 1 | _aVan Atta, Dale. | |
| 245 | 1 | 0 |
_aWith honor _h[electronic resource] : _bMelvin Laird in war, peace, and politics / _cDale Van Atta ; foreword by Gerald R. Ford. |
| 260 |
_aMadison, Wis. : _bUniversity of Wisconsin Press, _cc2008. |
||
| 300 |
_axviii, 641 p. : _bill. |
||
| 504 | _aIncludes bibliographical references (p. 603-614) and index. | ||
| 533 |
_aElectronic reproduction. _bPalo Alto, Calif. : _cebrary, _d2013. _nAvailable via World Wide Web. _nAccess may be limited to ebrary affiliated libraries. |
||
| 600 | 1 | 0 | _aLaird, Melvin R. |
| 600 | 1 | 0 |
_aNixon, Richard M. _q(Richard Milhous), _d1913-1994 _xFriends and associates. |
| 610 | 1 | 0 |
_aUnited States. _bDept. of Defense _xOfficials and employees _vBiography. |
| 610 | 1 | 0 |
_aUnited States. _bCongress. _bHouse _vBiography. |
| 650 | 0 |
_aCabinet officers _zUnited States _vBiography. |
|
| 650 | 0 |
_aVietnam War, 1961-1975 _zUnited States. |
|
| 650 | 0 |
_aLegislators _zUnited States _vBiography. |
|
| 650 | 0 |
_aLegislators _zWisconsin _vBiography. |
|
| 651 | 0 |
_aUnited States _xPolitics and government _y1963-1969. |
|
| 651 | 0 |
_aUnited States _xPolitics and government _y1969-1974. |
|
| 655 | 7 |
_aElectronic books. _2local |
|
| 710 | 2 | _aebrary, Inc. | |
| 856 | 4 | 0 |
_uhttp://site.ebrary.com/lib/rucke/Doc?id=10351487 _zAn electronic book accessible through the World Wide Web; click to view |
| 999 |
_c45881 _d45881 |
||